Derecho penal romano
Uloženo v:
| Hlavní autor: | |
|---|---|
| Médium: | Kniha |
| Jazyk: | španělština |
| Vydáno: |
Madrid
Centro de Estudios Ramón Cáceres
1990
|
| Edice: | Pensamiento jurídico
|
| Témata: | |
| Tagy: |
Přidat tag
Žádné tagy, Buďte první, kdo vytvoří štítek k tomuto záznamu!
|
MARC
| LEADER | 00000nam a2200000 a 4500 | ||
|---|---|---|---|
| 001 | UCR1697 | ||
| 003 | CL-VaPUC | ||
| 008 | 971219e19900000SP |||||||||||||||||spa|d | ||
| 082 | 0 | 4 | |a 340.54 |b SAN |2 21 |
| 100 | 0 | |a Santalucía, Bernardo |e author |9 399058 | |
| 245 | 1 | 0 | |a Derecho penal romano |
| 300 | |a 145 p | ||
| 942 | |c BK | ||
| 945 | |d 19971219 00:00:00 |a aolguin | ||
| 260 | |a Madrid |b Centro de Estudios Ramón Cáceres |c 1990 | ||
| 650 | 0 | |a Derecho romano |9 255930 | |
| 650 | 7 | |a DERECHO PENAL |2 CL-VaPUC |9 11 | |
| 650 | 7 | |a REPRESION CRIMINAL |2 CL-VaPUC |9 399059 | |
| 650 | 7 | |a PROCESO CRIMINAL |2 CL-VaPUC |9 399060 | |
| 650 | 7 | |a COMPETENCIA JUDICIAL |2 CL-VaPUC |9 388617 | |
| 650 | 0 | |a Juicios |9 327339 | |
| 650 | 0 | |a Delitos |9 224143 | |
| 650 | 0 | |a Tribunales |9 254872 | |
| 650 | 7 | |a REFORMAS |2 CL-VaPUC |9 256195 | |
| 583 | |a last modification |c 19971219 00:00:00 |k Rodrigo Vera | ||
| 490 | 0 | |a Pensamiento jurídico | |
| 999 | |c 265064 |d 265062 | ||
| 952 | |0 0 |1 0 |4 0 |6 340_540000000000000_SAN_1990 |7 0 |8 DER_ROM |9 295853 |a BIBDER |b BIBDER |d 2019-11-20 |i 1918303 |l 2 |m 1 |o 340.54 SAN 1990 |p 1918303 |r 2023-01-25 |s 2022-09-01 |w 2019-11-20 |x Ubicación 4to piso |y BK |z Este recurso debe solicitarse con anticipación |k DER | ||